000 00873nam a2200253 i 4500
001 185860
003 SpMaBN
005 20250911062659.0
008 160816s1992 sp fo |||| |aspa d
020 _a84-233-2238-6
080 _a929 Althusser, Louis
100 1 _aAlthusser, Louis.
_920538
245 1 3 _aEl porvenir es largo
_b; Los hechos /
_cLouis Althusser ; traducción [de la primera obra], Marta Pessarrodona, [de la segunda obra], Carles Urritz.
250 _a1ª ed.
260 _aBarcelona :
_bDestino,
_c1992.
300 _a482 p., [16] p. de lám. fot. ;
_c20 cm.
490 1 _aÁncora y delfín ;
_v691
600 1 7 _aAlthusser, Louis.
_920538
700 1 _aPessarrodona, Marta.
_991447
740 4 2 _aLos hechos.
830 0 0 _aÁncora y Delfín
_v691
_9151298
852 _aES-MaACL
_jL-30559
_z. - Donat. Miguel A. Velasco
999 _c185860
_d185860